| 000 | 00745nam a2200241Ia 4500 | ||
|---|---|---|---|
| 003 | OSt | ||
| 005 | 20220923215632.0 | ||
| 006 | a|||||r|||| 00| 0 | ||
| 007 | ta | ||
| 008 | 220922b |||||||| |||| 00| 0 hin d | ||
| 024 | _a180,423 | ||
| 037 | _cTextual | ||
| 040 |
_aARTS _cARTS _bhin |
||
| 041 |
_2hin _ahin |
||
| 082 | _aO152,1N25,3, J6 | ||
| 100 | _aपोद्दार, रामावतार अरूण | ||
| 245 | 0 | _aसंगीत | |
| 246 | _aSangīta | ||
| 260 |
_aसमस्तीपुर _b किरण प्रकाशन _c1956 |
||
| 300 |
_a40 पृ. _ccm. |
||
| 942 |
_hO152,1N25,3, J6 _cTEXL _2CC |
||
| 999 |
_c333801 _d333801 |
||